Normal view MARC view

Entry Nombre personal

Number of records used in: 1

001 - NÚMERO DE CONTROL

  • campo de control: 50151

003 - IDENTIFICADOR DE NÚMERO DE CONTROL

  • campo de control: SpMaBN

005 - FECHA Y HORA DE LA ÚLTIMA TRANSACCIÓN

  • campo de control: 20250817021653.0

008 - ELEMENTOS DE DATO DE LONGITUD-FIJA

  • campo de control de longitud fija: 111116n|#azznnaabn |n aaa ##

010 ## - NÚMERO DE CONTROL DE LA BIBLIOTECA DEL CONGRESO

  • Número de control de LC: XX5145949

024 7# - IDENTIFICADOR DE OTROS ESTÁNDARES

  • Número estándar o código: https://isni.org/isni/0000000388833113
  • Fuente: isni

024 7# - IDENTIFICADOR DE OTROS ESTÁNDARES

  • Número estándar o código: http://viaf.org/viaf/282052152/
  • Fuente: viaf

040 ## - FUENTE DE CATALOGACIÓN

  • Centro catalogador/agencia de origen: SpMaBN
  • Lengua de catalogación: spa
  • Centro/agencia transcriptor: SpMaBN
  • Normas de descripción: rdc
  • Convención/Normas de encabezamiento de materia/tesauro: embne

100 1# - ENCABEZAMIENTO-NOMBRE DE PERSONA

  • Nombre de persona: Fernández Vernet, Enrique

375 ## - GÉNERO/SEXO

  • Género: Masculino

670 ## - FUENTE DE DATOS ENCONTRADOS

  • Cita de la fuente: La casa de matriona, 2011
  • Información encontrada: port. (traducción del ruso y epílogo de Enrique Fernández Vernet)

670 ## - FUENTE DE DATOS ENCONTRADOS

  • Cita de la fuente: WWW Revista Seug, 06-11-2015
  • Información encontrada: (Enrique Fernández Vernet; Naciones Unidas, Ginebra, Suiza; Diplomatura en Traducción e Interpretación por la Univ. Autónoma de Barcelona (1986); intérprete jurado (inglés y catalán) (1986); Lic. en Traducción e Interpretación por la Univ. Autónoma de Barcelona (1995); intérprete jurado (ruso) (1995); Radio Moscú Internacional, locutor y redactor (1989-1991); Catalunya Ràdio, corresponsal en Moscú (1991-1993); DIAL T&T, jefe de traducción, Barcelona (1993-1996); Naciones Unidas (Nueva York), traductor (1996-2000); Naciones Unidas (Ginebra), revisor, formador y universidades (2000-2014); jefe de la Sección española de traducción, Naciones Unidas (Ginebra) (desde 2014))
  • Identificador Uniforme de Recursos: http://revistaseug.ugr.es/index.php/sendebar/about/editorialTe amBio/134